| 000 | 00360 a2200169 4500 | ||
|---|---|---|---|
| 001 | 182753 | ||
| 020 | _a | ||
| 040 | _cMagnum | ||
| 100 | _aAndrade, Carlos Drummond de | ||
| 240 | 1 | 0 |
_aAmar se aprende amando _lpor |
| 245 | 1 | 0 | _aAmar se aprende amando |
| 300 | _a178 | ||
| 362 | 0 | _a1989 | |
| 440 | 1 | _aRecord | |
| 697 | _aLITERATURA GERAL | ||
| 942 | _cBK | ||
| 999 |
_c182753 _d182753 |
||